Descripción del sistema de producción de chícharo (Pisum sativum L.) sobre cobertura de zacate kikuyo (Pennisetum clandestinum Hochst. ex Chiov.) y control químico de malezas en Joquicingo, México / (Record no. 208174)
[ view plain ]
| 000 -CABECERA | |
|---|---|
| campo de control de longitud fija | 01215nam a2200325Ia 4500 |
| 001 - NÚMERO DE CONTROL | |
| campo de control | Para_9500 |
| 003 - IDENTIFICADOR DEL NÚMERO DE CONTROL | |
| campo de control | CHAP |
| 008 - DATOS DE LONGITUD FIJA--INFORMACIÓN GENERAL | |
| campo de control de longitud fija | 220125s2008 xx 000 0 und d |
| 010 ## - NÚMERO DE CONTROL DE LA BIBLIOTECA DEL CONGRESO | |
| Número de control de LC | 208174 |
| 040 ## - FUENTE DE LA CATALOGACIÓN | |
| Centro/agencia transcriptor | CHAP |
| 090 ## - LOCALMENTE ASIGNADO TIPO-LC NÚMERO DE CLASIFICACIÓN (OCLC); NÚMERO DE CLASIFICACIÓN LOCAL (RLIN) | |
| Número de clasificación (OCLC) (R) ; Numero de clasificación, CALL (RLIN) (NR) | TESIS 2212 |
| 100 ## - ENTRADA PRINCIPAL--NOMBRE DE PERSONA | |
| Nombre de persona | Urbina Rico, Jesahi |
| 9 (RLIN) | 116869 |
| 245 ## - MENCIÓN DE TÍTULO | |
| Título | Descripción del sistema de producción de chícharo (Pisum sativum L.) sobre cobertura de zacate kikuyo (Pennisetum clandestinum Hochst. ex Chiov.) y control químico de malezas en Joquicingo, México / |
| Mención de responsabilidad, etc. | por Jesahi Urbina Rico |
| 260 ## - PUBLICACIÓN, DISTRIBUCIÓN, ETC. | |
| Lugar de publicación, distribución, etc. | Chapingo, Méx. : |
| Nombre del editor, distribuidor, etc. | el autor |
| 300 ## - DESCRIPCIÓN FÍSICA | |
| Extensión | 58 h. |
| 502 ## - NOTA DE TESIS | |
| Nota de tesis | Tesis (Ing. Agr. Esp. en Parasitología Agrícola) -- UACh. Departamento Parasitología Agrícola |
| 650 ## - PUNTO DE ACCESO ADICIONAL DE MATERIA--TÉRMINO DE MATERIA | |
| Término de materia o nombre geográfico como elemento de entrada | Chícharo |
| Subdivisión general | malas hierbas |
| 9 (RLIN) | 174526 |
| 650 ## - PUNTO DE ACCESO ADICIONAL DE MATERIA--TÉRMINO DE MATERIA | |
| Término de materia o nombre geográfico como elemento de entrada | Cultivos de cobertura |
| 9 (RLIN) | 30371 |
| 650 ## - PUNTO DE ACCESO ADICIONAL DE MATERIA--TÉRMINO DE MATERIA | |
| Término de materia o nombre geográfico como elemento de entrada | Malas hierbas |
| Subdivisión general | control |
| 9 (RLIN) | 70011 |
| 650 ## - PUNTO DE ACCESO ADICIONAL DE MATERIA--TÉRMINO DE MATERIA | |
| Término de materia o nombre geográfico como elemento de entrada | Malas hierbas |
| Subdivisión general | resistencia a herbicidas |
| 650 ## - PUNTO DE ACCESO ADICIONAL DE MATERIA--TÉRMINO DE MATERIA | |
| Término de materia o nombre geográfico como elemento de entrada | Pennisetum clandestinum |
| 9 (RLIN) | 86706 |
| 710 ## - PUNTO DE ACCESO ADICIONAL--NOMBRE DE ENTIDAD CORPORATIVA | |
| Nombre de entidad corporativa o nombre de jurisdicción como elemento de entrada | UACh. Departamento Parasitología Agrícola |
| 9 (RLIN) | 164025 |
| 901 ## - ELEMENTOS DE DATOS A LOCAL LDA (RLIN) | |
| a | TESIS 2212 |
| 902 ## - ELEMENTOS DE DATOS B LOCAL, LDB (RLIN) | |
| a | M |
| 905 ## - ELEMENTOS DE DATOS E LOCAL, LDE (RLIN) | |
| a | 0000002008 mn 0000000000 00 |
| 910 ## - DATOS DE OPCIÓN DEL USUARIO (OCLC) | |
| Datos de opción del usuario | 2008 |
| 942 ## - ELEMENTOS DE PUNTO DE ACCESO ADICIONAL (KOHA) | |
| Tipo de ítem Koha | Parasitologia_ |
| 942 ## - ELEMENTOS DE PUNTO DE ACCESO ADICIONAL (KOHA) | |
| Tipo de ítem Koha | Parasitologia_ |
| -- | 2 |
| Estado de retiro | Estado de pérdida | Fuente del sistema de clasificación o colocación | Estado dañado | No para préstamo | Código de colección | Localización permanente | Ubicación/localización actual | Ubicación en estantería | Fecha de adquisición | Información codificada de la localización en otra ubicación | Total de préstamos | Código de barras | Fecha visto por última vez | Número de copia | Precio válido a partir de | Tipo de ítem Koha | Nota pública |
|---|---|---|---|---|---|---|---|---|---|---|---|---|---|---|---|---|---|
| Clasificación Universidad Autónoma de Chapingo | Tesis | Parasitologia Agricola | Parasitologia Agricola | 04/12/2008 | PARA | PA_09398-2 | 25/01/2022 | 2 | 25/01/2022 | Tesis | 3 | ||||||
| Clasificación Universidad Autónoma de Chapingo | Tesis | Parasitologia Agricola | Parasitologia Agricola | 04/12/2008 | PARA | PA_09398 | 25/01/2022 | 1 | 25/01/2022 | Tesis | 3 |
